000 00524nam a22001697a 4500
003 0
005 20220804133116.0
008 220804b xxu||||| |||| 00| 0 eng d
020 _a978-971-23-9259-7
050 _aKF5624.1
_b.D35 2019
245 _aStudent's manual on the constitution
_cHector S. De Leon; Hector M. De Leon, Jr.
260 _aManila
_bRex book store Inc.,
_c2019
300 _axxx,375pp.
_c23cm.
_fBook
500 _aPhilippine--constitutional law.
500 _aHand book, manuals, etc..
942 _2lcc
_cBK
999 _c364765
_d364765